Einwohnerreichste Länder im Jahr 2050 - Statistiken

Allgemein
  • Dieses Quiz wurde 131 mal gespielt
  • Das Durchschnittsergebnis liegt bei 16 aus 21
Antwortstatistiken
Einwohner Land % Korrekt
1668 Mio. Indien
100%
1325 Mio. China
99%
378 Mio. Vereinigte Staaten
99%
133 Mio. Russland
93%
231 Mio. Brasilien
91%
104 Mio. Japan
90%
375 Mio. Nigeria
88%
317 Mio. Indonesien
87%
144 Mio. Mexiko
86%
366 Mio. Pakistan
81%
160 Mio. Ägypten
77%
213 Mio. Äthiopien
77%
204 Mio. Bangladesch
77%
215 Mio. D. R. Kongo
77%
95.7 Mio. Türkei
73%
98.9 Mio. Iran
72%
107 Mio. Vietnam
66%
157 Mio. Philippinen
59%
84.7 Mio. Kenia
58%
129 Mio. Tansania
51%
86.9 Mio. Uganda
33%
Keine übereinstimmenden Quizze gefunden
Verteilung der Resultate
Anzahl Personen mit jedem Resultat
Perzentil nach korrekt beantworteten Fragen
Ihre Resultats-Entwicklung
Sie haben dieses Quiz noch nicht gespielt